Civilisation américaine (notice n° 2198387)
[ vue normale ]
| 000 -LEADER | |
|---|---|
| fixed length control field | 01295cam a2200133 4500500 |
| 005 - DATE AND TIME OF LATEST TRANSACTION | |
| control field | 20260405085537.0 |
| 041 ## - LANGUAGE CODE | |
| Language code of text/sound track or separate title | fre |
| 042 ## - AUTHENTICATION CODE | |
| Authentication code | dc |
| 100 10 - MAIN ENTRY--PERSONAL NAME | |
| Personal name | Fauquert, Élisabeth |
| Relator term | author |
| 245 00 - TITLE STATEMENT | |
| Title | Civilisation américaine |
| 260 ## - PUBLICATION, DISTRIBUTION, ETC. | |
| Name of publisher, distributor, etc. | Armand Colin,<br/> |
| Date of publication, distribution, etc. | 2019.<br/> |
| 520 ## - SUMMARY, ETC. | |
| Summary, etc. | On a tous quelque chose en nous… des États-Unis. En effet, le poids de l’Amérique dans l’histoire et l’économie mondiale nous ont rendu ce pays, ses dirigeants et ses choix politiques familiers. Cependant, cette proximité n’efface pas les incompréhensions, les approximations, les amalgames, ou les stéréotypes. Ce manuel propose une synthèse claire et accessible des grandes problématiques politiques, sociales et économiques des États- Unis. Il fournit par ailleurs des clefs historiques, chronologiques, culturelles et linguistiques aux étudiants de premier cycle, pour leur permettre de mieux comprendre les États-Unis. Les chapitres sont ponctués d’encadrés en anglais qui portent sur des événements et personnalités historiques, des faits culturels, etc. Des compléments en ligne donnent accès, entre autres, à des chapitres inédits et des exercices corrigés. |
| 856 41 - ELECTRONIC LOCATION AND ACCESS | |
| Uniform Resource Identifier | <a href="https://shs.cairn.info/civilisation-americaine--9782200621841?lang=fr&redirect-ssocas=7080">https://shs.cairn.info/civilisation-americaine--9782200621841?lang=fr&redirect-ssocas=7080</a> |
Pas d'exemplaire disponible.




Réseaux sociaux